| 000 | 00687nam a22002297a 4500 | ||
|---|---|---|---|
| 005 | 20170124110055.0 | ||
| 010 | _a948225 | ||
| 020 |
_a333902939 _c38.00 |
||
| 035 | _a948225 | ||
| 037 | _aCen Lib/Ret | ||
| 040 |
_aDPL _bEN |
||
| 082 |
_a615.7 _bSHA |
||
| 100 |
_aShah, Ambalal _926322 |
||
| 245 |
_aDrug dilemmas : _cby Ambalal Shah [and] Nitin Shah _badverse reactions & interactions / |
||
| 260 |
_aDelhi _bMacmillan Company of India Limited _c1978 |
||
| 300 |
_aviii,144p. _c24cm(Hb) |
||
| 500 | _aIncludes index | ||
| 650 |
_aDrugs _916609 |
||
| 650 |
_aDrugs used in tuberculosis _926323 |
||
| 700 |
_aShah, Nitin _926324 |
||
| 942 |
_2ddc _cEN _h615.7 _mSHA |
||
| 999 |
_c129422 _d129422 |
||